[Event "AUT-ch U18"]
[Site "St Veit"]
[Date "2015.04.02"]
[Round "7.4"]
[White "Hoegl, Emanuel"]
[Black "Horvath, Dominik"]
[Result "1-0"]
[WhiteElo "1871"]
[BlackElo "1962"]
[PlyCount "75"]
[EventDate "2015.03.29"]
[EventType "swiss"]
[EventRounds "7"]
[EventCountry "AUT"]
[SourceTitle "EXT 2024"]
[Source "ChessBase"]
[SourceDate "2023.10.10"]
[SourceVersion "1"]
[SourceVersionDate "2023.10.10"]
[SourceQuality "1"]

1. d4 Nf6 2. c4 g6 3. Nc3 Bg7 4. e4 d6 5. Nf3 0-0 6. Be2 e5 7. 0-0 Nc6 8. d5 Ne7 9. Ne1 Nd7 10. Nd3 f5 11. f3 f4 12. g4 h5 13. h3 hxg4 14. hxg4 Bf6 15. Kg2 Bh4 16. Rh1 g5 17. Bd2 Kg7 18. b4 Ng6 19. c5 Bg3 20. Be1 Nh4+ 21. Kg1 Rh8 22. Bxg3 fxg3 23. Qe1 Nf5 24. Rh5 Rxh5 25. gxh5 Nd4 26. Qxg3 Kh6 27. Kf2 Nf6 28. Rh1 Qf8 29. Rg1 Qg7 30. Ke1 Nxh5 31. Rh1 Kg6 32. Qh2 Nf4 33. Nxf4+ exf4 34. Qh5+ Kf6 35. Qe8 Nxe2 36. Nxe2 b6 37. Rh8 Bb7 38. Qe6# 1-0

[Event "Styrian op-B"]
[Site "Bad Gleichenberg"]
[Date "2014.07.10"]
[Round "6"]
[White "Hoegl, Emanuel"]
[Black "Keitsch, Steve"]
[Result "1/2-1/2"]
[WhiteElo "1805"]
[BlackElo "1894"]
[PlyCount "46"]
[EventDate "2014.07.05"]
[EventType "swiss"]
[EventRounds "9"]
[EventCountry "AUT"]
[SourceTitle "EXT 2016"]
[Source "ChessBase"]
[SourceDate "2015.10.08"]
[SourceVersion "1"]
[SourceVersionDate "2015.10.08"]
[SourceQuality "1"]

1. d4 Nf6 2. c4 e5 3. dxe5 Ng4 4. Bf4 Nc6 5. Nf3 Bb4+ 6. Nbd2 Qe7 7. e3 0-0 8. Be2 Ngxe5 9. 0-0 a5 10. Qc2 Bxd2 11. Qxd2 d6 12. h3 Qf6 13. Nd4 Ng6 14. Bg3 Nxd4 15. exd4 Ne7 16. Rad1 Qg6 17. Kh1 Nf5 18. Bf4 Re8 19. Bd3 Qh5 20. Rfe1 Bd7 21. Bxf5 Qxf5 22. Bg3 Bc6 23. Kg1 h6 1/2-1/2

[Event "AUT-ch U16"]
[Site "Woerth"]
[Date "2014.04.17"]
[Round "7"]
[White "Hoegl, Emanuel"]
[Black "Gludovatz, Lukas"]
[Result "1/2-1/2"]
[WhiteElo "1798"]
[BlackElo "1754"]
[PlyCount "84"]
[EventDate "2014.04.13"]
[EventType "swiss"]
[EventRounds "7"]
[EventCountry "AUT"]
[SourceTitle "EXT 2015"]
[Source "ChessBase"]
[SourceDate "2014.11.20"]
[SourceVersion "1"]
[SourceVersionDate "2014.11.20"]
[SourceQuality "1"]

1. d4 Nf6 2. c4 g6 3. Nc3 Bg7 4. Nf3 0-0 5. e4 d6 6. Be2 e5 7. dxe5 dxe5 8. Qxd8 Rxd8 9. Bg5 c6 10. Nxe5 Re8 11. f4 h6 12. Bxf6 Bxf6 13. 0-0-0 Bxe5 14. fxe5 Be6 15. Rd6 Nd7 16. Na4 Nxe5 17. b3 Rad8 18. Rhd1 Rxd6 19. Rxd6 b6 20. h3 Re7 21. Kd2 Rd7 22. Rxd7 Nxd7 23. Ke3 Kg7 24. Nb2 Kf6 25. Nd3 Ne5 26. Nxe5 Kxe5 27. a3 c5 28. Bd3 a5 29. Be2 f5 30. exf5 Bxf5 31. Bd3 Bxd3 32. Kxd3 Kf4 33. Ke2 Ke4 34. a4 h5 35. h4 Kf4 36. Kf2 Kg4 37. g3 g5 38. hxg5 Kxg5 39. Ke3 Kg4 40. Kf2 Kg5 41. Ke3 Kg4 42. Kf2 Kf5 1/2-1/2

[Event "AUT-ch U16"]
[Site "Woerth"]
[Date "2014.04.14"]
[Round "3"]
[White "Hoegl, Emanuel"]
[Black "Hofer, Maximilian"]
[Result "1-0"]
[WhiteElo "1798"]
[BlackElo "1625"]
[PlyCount "83"]
[EventDate "2014.04.13"]
[EventType "swiss"]
[EventRounds "7"]
[EventCountry "AUT"]
[SourceTitle "EXT 2015"]
[Source "ChessBase"]
[SourceDate "2014.11.20"]
[SourceVersion "1"]
[SourceVersionDate "2014.11.20"]
[SourceQuality "1"]

1. d4 d5 2. c4 e6 3. Nf3 Nf6 4. g3 b6 5. Bg2 Bb7 6. 0-0 Be7 7. Nbd2 0-0 8. b3 Nbd7 9. Bb2 c5 10. cxd5 Bxd5 11. Rc1 Rc8 12. Rc2 Rc7 13. Qa1 Qa8 14. Rfc1 Rfc8 15. Ne1 Qb7 16. Bxd5 Qxd5 17. Nd3 Qb7 18. dxc5 Bxc5 19. Nxc5 Rxc5 20. Rxc5 Rxc5 21. Rxc5 Nxc5 22. Bxf6 gxf6 23. Qxf6 Qd5 24. Qf4 Kg7 25. h4 h6 26. Kh2 Nd7 27. Nf3 Kg8 28. Qxh6 Nf8 29. Qg5+ Qxg5 30. Nxg5 f6 31. Ne4 Kg7 32. h5 Nd7 33. Nd6 Kh6 34. g4 Ne5 35. Kg3 a5 36. f4 Nd7 37. e4 e5 38. fxe5 Nxe5 39. Nc4 Nd7 40. Kf4 Kg7 41. Kf5 Kf7 42. e5 1-0

[Event "AUT-ch U16"]
[Site "Woerth"]
[Date "2014.04.13"]
[Round "2"]
[White "Atzl, Florian"]
[Black "Hoegl, Emanuel"]
[Result "0-1"]
[WhiteElo "1861"]
[BlackElo "1798"]
[PlyCount "66"]
[EventDate "2014.04.13"]
[EventType "swiss"]
[EventRounds "7"]
[EventCountry "AUT"]
[SourceTitle "EXT 2015"]
[Source "ChessBase"]
[SourceDate "2014.11.20"]
[SourceVersion "1"]
[SourceVersionDate "2014.11.20"]
[SourceQuality "1"]

1. e4 c6 2. d4 d5 3. Nc3 dxe4 4. Nxe4 Bf5 5. Ng3 Bg6 6. h4 h6 7. Nf3 Nd7 8. h5 Bh7 9. Bd3 Bxd3 10. Qxd3 Ngf6 11. Bd2 e6 12. 0-0-0 Qc7 13. Qe2 0-0-0 14. Ne5 Nb6 15. Ba5 Rd5 16. Bxb6 axb6 17. Kb1 Bd6 18. f4 Qe7 19. Rhe1 Kc7 20. f5 Ra8 21. Qc4 Rd8 22. Rd3 Nxh5 23. Nxh5 Qh4 24. Ng3 Bxe5 25. Re4 Qh2 26. Ne2 Qh1+ 27. Nc1 Bf6 28. Qc3 exf5 29. Re1 Qxg2 30. Rg3 Qf2 31. Re2 Qxd4 32. Qxd4 Rxd4 33. Nd3 Re4 0-1

[Event "Feffernitz Raika op 22nd"]
[Site "Feffernitz"]
[Date "2013.08.18"]
[Round "1"]
[White "Ivanov, Mikhail M"]
[Black "Hoegl, Emanuel"]
[Result "1-0"]
[WhiteElo "2390"]
[BlackElo "1844"]
[PlyCount "61"]
[EventDate "2013.08.18"]
[EventType "swiss"]
[EventRounds "9"]
[EventCountry "AUT"]
[SourceTitle "CBM 156 Extra"]
[Source "ChessBase"]
[SourceDate "2013.10.22"]
[SourceVersion "1"]
[SourceVersionDate "2013.10.22"]
[SourceQuality "1"]

1. Nf3 d5 2. g3 Nf6 3. Bg2 g6 4. b3 Bg7 5. Bb2 c6 6. d3 Nbd7 7. c4 0-0 8. Nbd2 Re8 9. 0-0 e5 10. cxd5 Nxd5 11. Qc2 N7b6 12. a3 Bd7 13. Ne4 Qc7 14. b4 Rac8 15. Nc5 Bg4 16. Qb3 Rcd8 17. Rfc1 Qe7 18. a4 Na8 19. e4 Ndb6 20. a5 Nc8 21. a6 bxa6 22. Nxa6 Qd6 23. Ne1 Bh6 24. Rc2 Re7 25. Qc3 Bd7 26. b5 Qf6 27. bxc6 Be8 28. Bh3 Nab6 29. Ba3 Nd6 30. c7 Ra8 31. Bxd6 1-0

[Event "Styrian op U14/16 20th"]
[Site "Mureck"]
[Date "2013.08.07"]
[Round "8"]
[White "Hoegl, Emanuel"]
[Black "Khalakhan, Jurij"]
[Result "1/2-1/2"]
[WhiteElo "1844"]
[BlackElo "1768"]
[PlyCount "36"]
[EventDate "2013.07.31"]
[EventType "swiss"]
[EventRounds "9"]
[EventCountry "AUT"]
[SourceTitle "EXT 2015"]
[Source "ChessBase"]
[SourceDate "2014.11.20"]
[SourceVersion "1"]
[SourceVersionDate "2014.11.20"]
[SourceQuality "1"]

1. d4 d5 2. c4 dxc4 3. e3 c5 4. Bxc4 e6 5. Nf3 Nf6 6. Nc3 a6 7. a4 cxd4 8. Qxd4 Bd6 9. 0-0 Nc6 10. Qd2 0-0 11. Rd1 Bc7 12. Qxd8 Rxd8 13. Rxd8+ Bxd8 14. Bd2 b6 15. Rd1 Bb7 16. Be1 Bc7 17. Na2 Ne5 18. Nxe5 Bxe5 1/2-1/2

[Event "AUT-ch U14"]
[Site "Linz"]
[Date "2013.05.20"]
[Round "6"]
[White "Calovi, Luca"]
[Black "Hoegl, Emanuel"]
[Result "1-0"]
[WhiteElo "1678"]
[BlackElo "1844"]
[PlyCount "64"]
[EventDate "2013.05.18"]
[EventType "swiss"]
[EventRounds "7"]
[EventCountry "AUT"]
[SourceTitle "EXT 2015"]
[Source "ChessBase"]
[SourceDate "2014.11.20"]
[SourceVersion "1"]
[SourceVersionDate "2014.11.20"]
[SourceQuality "1"]

1. e4 c6 2. d4 d5 3. exd5 cxd5 4. c4 Nf6 5. Nc3 e6 6. Nf3 Bb4 7. cxd5 Nxd5 8. Qc2 Nc6 9. Be2 0-0 10. 0-0 Nxc3 11. bxc3 Be7 12. Bd3 h6 13. Bf4 Bd6 14. Bg3 Bxg3 15. hxg3 Re8 16. Rfe1 Bd7 17. Rad1 Rc8 18. a3 Qc7 19. c4 Qb8 20. Re4 Rc7 21. Rh4 Qd8 22. Nd2 Qe7 23. Qc3 e5 24. d5 Nd4 25. Nf3 Nxf3+ 26. gxf3 b5 27. d6 Rxc4 28. Bxc4 Qd8 29. Bb3 a5 30. Kg2 Qa8 31. Bd5 Qa6 32. Qc7 Bc8 1-0